Life in the twenty- first century

Gespeichert in:
Bibliographische Detailangaben
1. Verfasser: Vassiliev, M.
Format: Buch
Sprache:Undetermined
Veröffentlicht: London A Penguin Special 1960
Schlagworte:
Tags: Tag hinzufügen
Keine Tags, Fügen Sie den ersten Tag hinzu!
Thư viện lưu trữ: Trung tâm Học liệu Trường Đại học Cần Thơ
LEADER 00478nam a2200181Ia 4500
001 CTU_86139
008 210402s9999 xx 000 0 und d
082 |a 613 
082 |b V339 
100 |a Vassiliev, M. 
245 0 |a Life in the twenty- first century 
245 0 |c M. Vassiliev 
260 |a London 
260 |b A Penguin Special 
260 |c 1960 
650 |a Alternative medicine,Health 
904 |i Năm 
980 |a Trung tâm Học liệu Trường Đại học Cần Thơ